00338nam a2200133Ia 4500008004100000041000800041082001300049100001400062245005700076260003300133300000800166365001600174700001400190230718s9999 xx 000 0 und d aeng a128bPAT aPatkar A. aMaster The Mind Monkey:b Experience Your Excellence c2009bJaico Publishing House a276 cRs.b350.00 aPatkar A.